000 00625 a2200205 4500
003 OSt
005 20190214112615.0
008 190214b xxu||||| |||| 00| 0 eng d
020 _a9781933478067
040 _al.c
_cl.c
050 _aHD62.6
_b.R34 2007
100 _aRafter, Kevin M.
245 _aNonprofit & Technolgy:
_bEmerging research for usable knowledge/
_cedited by Michael Corte's, Kelvin M. Rafter
260 _bLyceum Books
_c2007
_aChicago
300 _axxi, 189p.
_c23cm.
500 _aIncludes Index
650 _aNon-profit organisations-Information technology
650 _aTechnology
942 _cBK
_2lcc
999 _c33387
_d33387